Normal view MARC view
  • Casullo, María Martina,

Entry Nombre Personal

Number of records used in: 10

001 - NUMERO DE CONTROL

  • campo de control: 38669

003 - IDENTIFICADOR DE NUMERO DE CONTROL

  • campo de control: UPN

005 - FECHA Y HORA DE LA ÜLTIMA TRANSACCIÓN

  • campo de control: 20210219194538.0

008 - DATOS DE LONGITUD FIJA

  • campo de control de longitud fija: nabaccnnaabn|||||||||| b |nc|||||d

035 ## - NUMERO DE CONTROL

  • Número de control: UPN11000010776

040 ## - FUENTE DE CATALOGACIÓN

  • Lenguaje de catalogación: SPA
  • Agencia de transcripción: UPN

100 1# - ENCABEZAMIENTO - NOMBRE PERSONAL

  • Nombre personal: Casullo, María Martina,
  • Fechas asociadas con el nombre: 1940-2008

670 ## - FUENTE EN LA QUE SE LOCALIZARON DATOS

  • Cita de la fuente: T
  • Uniform Resource Identifier: http://www.raco.cat/index.php/anuariopsicologia/article/viewFile/127784/175937

680 ## - NOTA PUBLICA DE ACCESO PÚBLICO

  • Frase explicativa de la referencia: Psicóloga e investigadora argentina

902 ## - CATALOGADOR

  • Catalogador: CAA/100616